<?xml version="1.0" encoding="UTF-8"?>
<record
    xmlns:xsi="http://www.w3.org/2001/XMLSchema-instance"
    xsi:schemaLocation="http://www.loc.gov/MARC21/slim http://www.loc.gov/standards/marcxml/schema/MARC21slim.xsd"
    xmlns="http://www.loc.gov/MARC21/slim">

  <leader>00686nam a2200229Ia 4500</leader>
  <controlfield tag="003">OSt</controlfield>
  <controlfield tag="005">20250220102122.0</controlfield>
  <controlfield tag="008">210719s2009    xx            000 0 und d</controlfield>
  <datafield tag="020" ind1=" " ind2=" ">
    <subfield code="a">978-81-902767-7-8</subfield>
  </datafield>
  <datafield tag="040" ind1=" " ind2=" ">
    <subfield code="c">AL</subfield>
  </datafield>
  <datafield tag="041" ind1=" " ind2=" ">
    <subfield code="a">kan</subfield>
  </datafield>
  <datafield tag="082" ind1=" " ind2=" ">
    <subfield code="a">K894.9 MOHS</subfield>
  </datafield>
  <datafield tag="100" ind1=" " ind2=" ">
    <subfield code="a">MOHAN (B)</subfield>
    <subfield code="d">&#xCAE;&#xCCB;&#xCB9;&#xCA8;&#xCCD;(&#xCAC;&#xCBF;)</subfield>
    <subfield code="9">201447</subfield>
  </datafield>
  <datafield tag="245" ind1=" " ind2=" ">
    <subfield code="a">Sunita shettiyavara baduku baraha</subfield>
    <subfield code="b">&#xCB8;&#xCC1;&#xCA8;&#xCC0;&#xCA4;&#xCBE; &#xCB6;&#xCC6;&#xC9F;&#xCCD;&#xC9F;&#xCBF;&#xCAF;&#xCB5;&#xCB0; &#xCAC;&#xCA6;&#xCC1;&#xC95;&#xCC1; &#xCAC;&#xCB0;&#xCB9; </subfield>
  </datafield>
  <datafield tag="260" ind1=" " ind2=" ">
    <subfield code="a">Mumbayi</subfield>
    <subfield code="c">2009</subfield>
  </datafield>
  <datafield tag="300" ind1=" " ind2=" ">
    <subfield code="a">xi,159</subfield>
    <subfield code="b">PB</subfield>
  </datafield>
  <datafield tag="365" ind1=" " ind2=" ">
    <subfield code="b">100</subfield>
    <subfield code="c">Rs</subfield>
  </datafield>
  <datafield tag="650" ind1=" " ind2=" ">
    <subfield code="a">Kannada Criticism</subfield>
    <subfield code="9">201448</subfield>
  </datafield>
  <datafield tag="650" ind1=" " ind2=" ">
    <subfield code="a">Kannada literature</subfield>
    <subfield code="9">201449</subfield>
  </datafield>
  <datafield tag="906" ind1=" " ind2=" ">
    <subfield code="a">baduku ; baraha ; shettiyavara ; SunItA</subfield>
  </datafield>
  <datafield tag="942" ind1=" " ind2=" ">
    <subfield code="2">ddc</subfield>
    <subfield code="c">BK</subfield>
  </datafield>
  <datafield tag="999" ind1=" " ind2=" ">
    <subfield code="c">215214</subfield>
    <subfield code="d">215214</subfield>
  </datafield>
  <datafield tag="952" ind1=" " ind2=" ">
    <subfield code="0">0</subfield>
    <subfield code="1">0</subfield>
    <subfield code="4">0</subfield>
    <subfield code="7">0</subfield>
    <subfield code="8">Kannada</subfield>
    <subfield code="a">AL</subfield>
    <subfield code="b">AL</subfield>
    <subfield code="d">2010-07-14</subfield>
    <subfield code="g">100.00</subfield>
    <subfield code="l">0</subfield>
    <subfield code="o">K894.9 MOHS</subfield>
    <subfield code="p">D03831</subfield>
    <subfield code="r">2021-07-19 00:00:00</subfield>
    <subfield code="w">2021-07-19</subfield>
    <subfield code="y">DB</subfield>
  </datafield>
</record>
